Départements limitrophes du 44, 49, 53, 72 et 85 - Statistiques

Statistiques générales
  • Ce quiz a été pris 185 fois
    156 depuis la dernière actualisation
  • Le résultat moyen est 14 sur 15
Statistiques - réponses
Réponse % Correct
Vendée
98%
Deux-Sèvres
97%
Maine-et-Loire
97%
Mayenne
97%
Sarthe
97%
Charente-Maritime
94%
Morbihan
94%
Indre-et-Loire
92%
Loire-Atlantique
92%
Ille-et-Vilaine
89%
Orne
88%
Vienne
87%
Eure-et-Loir
85%
Loir-et-Cher
84%
Manche
82%
Aucun quiz correspondant
Distribution des résultats
% des personnes avec chaque résultat
Percentile par nombre de réponses
Votre historique - résultats
Vous n’avez pas pris ce quiz depuis la dernière actualisation